| 000 | 00450nam a2200157Ia 4500 | ||
|---|---|---|---|
| 008 | 230711s9999||||xx |||||||||||||| ||und|| | ||
| 041 | _aENG | ||
| 082 |
_a621.3 _bST-S |
||
| 100 | _aK. N. Strafford | ||
| 245 | 0 | _aSurface engineering practice : Processes fundamentals Ad applications in corrosion and wear | |
| 250 | _a2nd Ed. | ||
| 260 |
_c1990 _aNew Delhi _bEllis Horwood Ltd |
||
| 300 | _a700 | ||
| 650 | _aElectrical Engineering | ||
| 942 | _cBK | ||
| 999 |
_c1891 _d1891 |
||